LEADER 02473nam0-2200361---450 001 990008443060403321 005 20201027133723.0 010 $a88-464-7623-9 100 $a20061221d2006----km-y0itay50------ba 101 0 $aita 102 $aIT 105 $a--------001cy 200 1 $aAfricanistica$ele culture orali dell'Africa$fBernardo Bernardi 210 $aMilano$cFrancoAngeli$d©2006 215 $a478 p.$d23 cm 225 1 $aAntropologia culturale e sociale$iSer. Studi e ricerche$v60 320 $aContiene bibl. (pp. 469-478) 330 $aNel testo, il termine africanistica si riferisce allo studio delle culture orali dell'Africa. Tale studio rappresenta una specializzazione dell'antropologia sociale. La ricerca di campo, tramite l'osservazione e la partecipazione alla vita sociale delle popolazioni locali, č il solo metodo d'indagine attuabile per tale genere di culture. Eminenti studiosi vi si sono applicati dando luogo alle scuole di africanistica anglosassone, francese, italiana. Tra essi si distinguono gli antesignani, primi cultori della disciplina, seguiti dai protagonisti, maestri professionisti dell'africanistica. Di ognuno in particolare, si riportano i dati anagrafici e si presenta una breve sintesi delle principali pubblicazioni. Le singole scuole si caratterizzano per la problematica perseguita: la scuola anglosassone si dedica prevalentemente allo studio dei sistemi di parentela; la scuola francese privilegia i grandi temi delle concezioni cosmiche; la scuola italiana si colloca in maniera autonoma tra le due correnti ed esamina i sistemi sociali e le forme delle credenze religiose. Nell'insieme, il quadro delle culture orali africane si presenta complesso e sorprendente per l'originalitą e la varietą dei sistemi sociali. Conoscerli č un arricchimento dello spirito. Lo stile chiaro e scorrevole, rende la lettura del presente testo facile ed attraente, adatto anche per un pubblico non specializzato. 610 0 $aAfrica$aStudi antropologici 676 $a306.0968$v21$zita 700 1$aBernardi,$bBernardo$f<1916- >$033629 801 0$aIT$bUNINA$gREICAT$2UNIMARC 901 $aBK 912 $a990008443060403321 952 $a306.096 BER 2$b3383$fBFS 952 $a306.096 BER 2bis$b4756$fBFS 952 $aCollez. 150 (60)$b1767/2020$fFSPBC 952 $a306.09 BER 1$bBRAU 2020/939$fFLFBC 959 $aBFS 959 $aFSPBC 959 $aFLFBC 996 $aAfricanistica$9728123 997 $aUNINA